A short history of Latin America
Saved in:
| Main Authors: | , |
|---|---|
| Format: | Bog |
| Sprog: | engelsk |
| Udgivet: |
Dallas
Houghton Mifflin Company
1980
|
| Fag: | |
| Tags: |
Tilføj Tag
Ingen Tags, Vær først til at tagge denne postø!
|
MARC
| LEADER | 00000cam a2200000 a 4500 | ||
|---|---|---|---|
| 001 | UCF4509 | ||
| 003 | CL-VaPUC | ||
| 008 | 121213e19800000US |||||||||||||||||eng|d | ||
| 082 | 0 | 4 | |a 918.03 |b KEE |2 21 |
| 100 | 0 | |a Keen, Benjamin |e author |9 566044 | |
| 700 | 0 | |a Wasserman, Mark |e author |9 566045 | |
| 245 | 1 | 2 | |a A short history of Latin America |
| 300 | |a 527 p | ||
| 942 | |c BK | ||
| 945 | |d 20121213 00:00:00 |a dcastane | ||
| 260 | |a Dallas |b Houghton Mifflin Company |c 1980 | ||
| 650 | 0 | |a Historia americana |9 353864 | |
| 650 | 0 | |a Civilizaciones |9 267192 | |
| 583 | |a last modification |c 20121213 11:07:00 |k Rodrigo Vera | ||
| 999 | |c 350286 |d 350284 | ||
| 952 | |0 0 |1 0 |4 0 |6 918_030000000000000_KEE_1980 |7 0 |8 A |9 453554 |a BIBHIS |b BIBHIS |d 2019-11-22 |i 4932021 |o 918.03 KEE 1980 |p 4932021 |r 2025-01-20 |w 2019-11-22 |y BK |k HIS | ||